Gandhi
Saved in:
| Hovedforfatter: | |
|---|---|
| Format: | Bog |
| Sprog: | spansk |
| Udgivet: |
Madrid
Akal
1991
|
| Serier: | Colección Historia del Mundo para Jóvenes, 37
|
| Fag: | |
| Tags: |
Tilføj Tag
Ingen Tags, Vær først til at tagge denne postø!
|
MARC
| LEADER | 00000nam a2200000 a 4500 | ||
|---|---|---|---|
| 001 | UCO1412 | ||
| 003 | CL-VaPUC | ||
| 008 | 000512e19910000SP |||||||||||||||||spa|d | ||
| 082 | 0 | 4 | |a 922.945 |b RAW |2 21 |
| 100 | 0 | |a Rawding, F. W |e author |9 443495 | |
| 245 | 1 | 0 | |a Gandhi |
| 300 | |a 48 p | ||
| 942 | |c BK | ||
| 945 | |d 20000512 00:00:00 |a rbrito | ||
| 260 | |a Madrid |b Akal |c 1991 | ||
| 600 | 0 | 7 | |a GANDHI, MAHATMA |2 CL-VaPUC |9 319053 |
| 650 | 0 | |a Filosofía hindú |9 431231 | |
| 650 | 0 | |a Biografías |9 255210 | |
| 583 | |a last modification |c 20000512 00:00:00 |k Rodrigo Vera | ||
| 490 | 0 | |a Colección Historia del Mundo para Jóvenes, 37 | |
| 999 | |c 288035 |d 288033 | ||
| 952 | |0 0 |1 0 |4 0 |6 922_945000000000000_RAW_1991 |7 0 |8 A |9 335206 |a BIBHIS |b BIBHIS |d 2019-11-20 |i 3622118 |o 922.945 RAW 1991 |p 3622118 |r 2025-01-20 |w 2019-11-20 |y BK |k HIS | ||